Score 0/12 Timer 04:00
0 Plays Today
Question Answer Wrong Answers
Το ελληνικό αλφάβητο φαίνεται ενδιαφέρουσα Greek
81.6%
Ukrainian
10.7%
Maltese
2.4%
Catalan
2.4%
nove respostas corretas seria uma boa pontuação Portuguese
78.2%
French
1.8%
Spanish
12.7%
Romanian
4.5%
精神刺激改道 Chinese
70.4%
Japanese
17.7%
Korean
6.9%
Thai
2%
Landen van de wereld Dutch
70%
German
21.6%
Polish
2.9%
Czech
2.2%
אני אוהב לשחק חידונים Hebrew
69.3%
Aramaic
8.8%
Judeo-Arabic
5.4%
Yiddish
13.2%
እኔ ለመተርጎም ነገር እያለቀ ነኝ Amharic
55%
Vietnamese
11.3%
Tagalog
21.2%
Creole
9.1%
इस बिगाड़ने के लिए खेद हिंदी में है Hindi
52.6%
Bengali
14.1%
Sanskrit
25.7%
Telugu
4.2%
Vilket språk är detta ? Swedish
46.8%
Danish
15.8%
Norwegian
17.2%
Icelandic
16.8%
Յուրաքանչյուր հարց թարգմանում է ինչ - որ բան այլ է Armenian
44.1%
Azerbaijani
26%
Georgian
18%
Basque
8.9%
Koliko jezika znaš ? Bosnian
24.5%
Slovak
39.8%
Albanian
9.6%
Slovenian
22.7%
Това е трудно Bulgarian
20.3%
Russian
64.3%
Mongolian
4.5%
Belarusian
7.7%
بہت سے مختلف حروف موجود ہیں Urdu
14.4%
Arabic
69.2%
Persian
10.8%
Kurdish
2.5%
Remove Ads.
Support Sporcle.
Get the best of Sporcle when you Go Orange. This ad-free experience offers more features, more stats, and more fun while also helping to support Sporcle. Thank you for becoming a member.

You're not logged in!

Compare scores with friends on all Sporcle quizzes.
OR
Log In

Sporcle TV

Today on Sporcle TV


Watch our educational content, quiz creation guides, and fun videos on Sporcle TV.

Show Comments

Extras

Top Quizzes Today


Score Distribution

Paid Content

Your Account Isn't Verified!

In order to create a playlist on Sporcle, you need to verify the email address you used during registration. Go to your Sporcle Settings to finish the process.

Report this User

Report this user for behavior that violates our Community Guidelines.

Details: